000 00613nam a2200193Ia 4500
005 20250508163915.0
008 008 250505s9999 xx 000 0 eng d
020 _a81-7304-455-4
037 _aTextual
040 _aFEDL
_beng
_cFEDL
041 _aeng
_2eng
084 _a172.42, SAM
_qFEDL
100 _aSamaddar Ranabir Ed.
245 0 _aPeace as process: reconciliation and conflict resolution in South Asia
260 _aNew Delhi, India
_bManohar Publishers and Distributors
_c2001
700 _a Reifeld Helmut Ed.
_9776742
942 _cTEXL
_h172.42, SAM
999 _c1385907
_d1385907